Statistics for Jetpunk comments that cause a storm

Click here to take the quiz!

General Stats

  • This quiz has been taken 2,708 times
  • The average score is 6 of 8

Answer Stats

Answer% Correct
You will look back in ten years and weep. {Trump} is the greatest president ever.
94%
{100}% with five minutes remaining and i’m only two!
87%
{Cyprus} is not in Asia, it’s in Europe
82%
{Tel Aviv} is the capital of Israel
79%
{Palestine} is a country. 135 members of the UN say so.
78%
This quiz is too {America}-centric
78%
Please read the {comments} above before posting yours
61%
Three answers are completely wrong in this {April Fool} quiz
7%

Score Distribution

Percentile by Number Answered

Percent of People with Each Score

Your Score History

You have not taken this quiz